000 00290nam a22001217a 4500
008 260424b |||||||| |||| 00| 0 eng d
082 _a001343
100 _aSharma, Prameshwaranand
245 _aKavya Deepika
260 _aDelhi
_bMotilal Banarasidass
_c2017
300 _a232p
942 _2ddc
999 _c1327
_d1327